00680nam a2200229Ia 4500008004100000020001800041050001600059050001400075100002500089245003800114245002500152250002000177260001700197260002600214260000900240300001600249300002000265300001100285500004100296650006100337650005200398160418s9999 xx 000 0 und d a971-574-086-3 aFIL PE 1408 b.E87 2004 aEspina, Felicidad P. 2aA Manual in english composition / cFelicidad P. Espina. aRevised Edition aQuezon City: bKatha Pub. Co., Inc., c2004 a214 pages : billustrations ; c22 cm. aIncludes bibliographical references. aEnglish language -- Rhetoric -- Handbooks, manuals, etc. xEnglish language -- Composition and excersies.